| 000 | 01000nam a2200241 i 4500 | ||
|---|---|---|---|
| 001 | 170827 | ||
| 003 | ES-MaACL | ||
| 005 | 20250808062746.0 | ||
| 008 | 090408s1955 sp |||| | lat d | ||
| 245 | 0 | 0 |
_aPhilosophiae Scholasticae Summa. _nII / _cauctoribus Iosepho Hellín, Ferdinando M. Palmes. |
| 260 |
_aMatriti : _bLa Editorial Católica, _c1955. |
||
| 300 |
_aXIX, 845 p. ; _c20 cm. |
||
| 490 | 1 |
_aBiblioteca de autores cristianos ; _v137 |
|
| 505 | 8 | _aContiene : Cosmologia / Iosepho Hellín. Psychologia speculativa / Ferdinando M. Palmes | |
| 546 | _aTexto en latín. | ||
| 594 | _aEn la anteport. : Professores Societatis Iesu facultatum philosophicarum in Hispania. | ||
| 594 | _aEn la anteport. : Ad mentem Constitutionis Apostolicae "Deus scientiarum Dominus" | ||
| 700 | 0 |
_aPalmés, Fernando María. _988649 |
|
| 700 | 0 |
_aHellín, José. _962450 |
|
| 830 | 0 | 0 |
_aBiblioteca de autores cristianos _v137 _9178679 |
| 852 |
_aES-MaACL _jJ-135 _9R.46092 |
||
| 999 |
_c170827 _d170827 |
||